[Event "45th Olympiad 2024"]
[Site "Budapest HUN"]
[Date "2024.09.11"]
[Round "1.7"]
[Board "2"]
[White "Ahn, Hongjin"]
[Black "Tari, Aryan"]
[Result "1/2-1/2"]
[WhiteTitle "IM"]
[BlackTitle "GM"]
[WhiteElo "2251"]
[BlackElo "2642"]
[WhiteTeam "South Korea"]
[BlackTeam "Norway"]
[WhiteFideId "13201492"]
[BlackFideId "1510045"]
[EventDate "2024.09.11"]

1. e4 c5 2. Nc3 Nc6 3. f4 g6 4. Nf3 Bg7 5. a4 e6 6. e5 d6 7. Bb5 Ne7 8. Ne4 dxe5
9. fxe5 O-O 10. Nf6+ Kh8 11. d4 Nd5 12. Bxc6 bxc6 13. Ne4 cxd4 14. Qxd4 c5 15.
Qxc5 Ba6 16. Nd6 f6 17. c4 Nb6 18. b3 Nd7 19. Qc6 Nxe5 20. Qxa6 f5 21. Rb1 Nd3+
22. Ke2 Nb4 23. Qb5 Na2 24. Qc6 Nc3+ 25. Kf2 Qxd6 26. Qxd6 Ne4+ 27. Ke2 Nxd6 28.
Ba3 Rfd8 29. Ng5 Kg8 30. Rhd1 Nf7 31. Nxf7 Kxf7 32. Bc5 Ke8 33. Rxd8+ Kxd8 34.
Rd1+ Kc7 35. Bd6+ Kc6 36. b4 a6 37. Rd2 Bh6 38. Rd3 e5 39. Rd5 e4 40. Bc5 Bf4
41. g3 Bc7 42. b5+ axb5 43. axb5+ Kb7 44. Rd7 Kc8 45. Rxh7 Ra2+ 46. Ke3 Rb2 47.
Kd4 Rd2+ 48. Kc3 Ba5+ 49. Kb3 Bd8 50. Ba7 e3 51. b6 Rd7 52. Rxd7 Kxd7 53. Kc2
Kc6 54. Kd3 Bg5 55. b7 Kxb7 56. Bxe3 Bf6 57. h3 Kc6 58. g4 fxg4 59. hxg4 Be7 60.
Ke4 Bd6 61. c5 Bc7 62. Bd4 Bg3 63. Be5 Be1 64. Bd6 Bc3 65. Kf4 Bf6 66. Ke4 Bc3
67. Be7 Kd7 68. Bf8 Kc6 69. Kf4 Bf6 70. Bd6 Kd5 71. Bf8 Bd8 72. Bd6 Bf6 73. Bf8
Bd8 74. Kf3 Bg5 75. Ke2 Bf4 76. Kd3 Be5 77. Be7 Bc7 78. Kc3 Ba5+ 79. Kb3 Be1 80.
Bd6 Bd2 81. Ka4 Kc6 82. Kb3 Kd5 83. Ka4 1/2-1/2

[Event "45th Olympiad 2024"]
[Site "Budapest HUN"]
[Date "2024.09.11"]
[Round "1.7"]
[Board "3"]
[White "Amar, Elham"]
[Black "Yun, Hungi"]
[Result "1-0"]
[WhiteTitle "GM"]
[WhiteElo "2539"]
[BlackElo "2124"]
[WhiteTeam "Norway"]
[BlackTeam "South Korea"]
[WhiteFideId "1533533"]
[BlackFideId "13210670"]
[EventDate "2024.09.11"]

1. e4 c5 2. Nf3 d6 3. d4 cxd4 4. Nxd4 Nf6 5. Nc3 a6 6. f3 e6 7. a3 b5 8. g4 Bb7
9. g5 Nfd7 10. Be3 Nc6 11. h4 Rc8 12. Nxc6 Rxc6 13. Qd2 Ne5 14. Be2 Qc7 15. Bd4
Be7 16. O-O-O O-O 17. h5 Ba8 18. g6 h6 19. f4 Nc4 20. Qd3 fxg6 21. Bg4 Qd7 22.
Qh3 1-0

[Event "45th Olympiad 2024"]
[Site "Budapest HUN"]
[Date "2024.09.11"]
[Round "1.7"]
[Board "4"]
[White "Huh, Isaak"]
[Black "Urkedal, Frode Olav Olsen"]
[Result "0-1"]
[BlackTitle "GM"]
[WhiteElo "2114"]
[BlackElo "2546"]
[WhiteTeam "South Korea"]
[BlackTeam "Norway"]
[WhiteFideId "13209590"]
[BlackFideId "1506102"]
[EventDate "2024.09.11"]

1. e4 e5 2. Nf3 Nc6 3. Bb5 a6 4. Ba4 Nf6 5. d3 b5 6. Bb3 Bc5 7. c3 d6 8. Bg5 Bb6
9. Nbd2 h6 10. Be3 Bxe3 11. fxe3 Na5 12. Bc2 c5 13. d4 Nc6 14. d5 Ne7 15. c4 Ng6
16. a4 bxc4 17. a5 Bd7 18. Nxc4 Bb5 19. Nfd2 O-O 20. O-O Rb8 21. Bd3 Ne8 22. Qe2
Ne7 23. b3 Nc7 24. Nb6 Nc8 25. Nxc8 Qxc8 26. Nc4 Bxc4 27. Bxc4 Rb4 28. Rf3 Qg4
29. Qd3 Nb5 30. Raf1 f6 31. Rg3 Qh5 32. Rh3 Qf7 33. Qe2 Rb8 34. Qg4 Kf8 35. Rh5
Na3 36. Bxa6 Rxb3 37. Bc8 Rb1 38. Be6 Rxf1+ 39. Kxf1 Nc4 40. Kf2 Rb2+ 41. Kg1
Nxe3 42. Qf3 Rb1+ 43. Kf2 Rf1+ 44. Ke2 Qe8 45. Qxe3 Qb5+ 46. Qd3 Re1+ 0-1

[Event "45th Olympiad 2024"]
[Site "Budapest HUN"]
[Date "2024.09.11"]
[Round "1.8"]
[Board "1"]
[White "Rakotomaharo, Fy Antenaina"]
[Black "Kollars, Dmitrij"]
[Result "1/2-1/2"]
[WhiteTitle "IM"]
[BlackTitle "GM"]
[WhiteElo "2440"]
[BlackElo "2659"]
[WhiteTeam "Madagascar"]
[BlackTeam "Germany"]
[WhiteFideId "13100050"]
[BlackFideId "12909572"]
[EventDate "2024.09.11"]

1. e4 e5 2. Nf3 Nc6 3. Bc4 Bc5 4. d3 Nf6 5. O-O d6 6. c3 a6 7. a4 O-O 8. h3 Ba7
9. Re1 Be6 10. Nbd2 Nh5 11. d4 exd4 12. Nxd4 Nf4 13. Nxe6 fxe6 14. Nf3 Kh8 15.
Be3 Qf6 16. Kh2 Bxe3 17. Rxe3 Rf7 18. Bf1 Raf8 19. b4 g5 20. b5 axb5 21. axb5
Ne5 22. Nxe5 Qxe5 23. Kg1 Ng6 24. Ra2 b6 25. Qd4 Qg7 26. Qxg7+ Kxg7 27. Re1 Ne5
28. f3 h5 29. Ra7 g4 30. fxg4 hxg4 31. hxg4 Nxg4 32. Bc4 Re7 33. Be2 Ne5 34. Rd1
Ref7 35. Bh5 Rd7 36. Rf1 Rxf1+ 37. Kxf1 Kf6 38. Kf2 Rg7 39. Be2 Ng6 40. Ke3 Ke5
41. Bf3 Nf4 42. c4 Ng6 43. Ra8 Kf6 44. Rc8 Ke5 45. Re8 Nh4 46. Rc8 Kf6 47. Kd4
Ng6 48. Ke3 Rh7 49. Kd4 Re7 50. Bh5 Ne5 51. Rf8+ Kg5 52. Be2 Rg7 53. Re8 Kf6 54.
Bf3 Re7 55. Rf8+ Rf7 56. Rc8 Rh7 57. Be2 Ng6 58. Bf3 Nf4 59. Ke3 Ng6 60. Kd4 Re7
61. Bh5 Nf4 62. Bf3 Rg7 63. Ke3 Ke5 64. Rf8 Nxg2+ 65. Bxg2 Rxg2 66. Rf7 Rg4 67.
Rxc7 Rxe4+ 68. Kf3 d5 69. cxd5 exd5 70. Rc6 Rf4+ 71. Ke3 Rf6 72. Rc8 d4+ 73. Kd3
Rf3+ 74. Kc2 Rf6 75. Kd3 Rf3+ 76. Kc2 Rf2+ 77. Kb3 Rf3+ 78. Kc2 Rf6 79. Kd3 1/2-1/2

[Event "45th Olympiad 2024"]
[Site "Budapest HUN"]
[Date "2024.09.11"]
[Round "1.8"]
[Board "2"]
[White "Bluebaum, Matthias"]
[Black "Andrianiaina, Heritiana"]
[Result "1-0"]
[WhiteTitle "GM"]
[BlackTitle "CM"]
[WhiteElo "2640"]
[BlackElo "2149"]
[WhiteTeam "Germany"]
[BlackTeam "Madagascar"]
[WhiteFideId "24651516"]
[BlackFideId "13101048"]
[EventDate "2024.09.11"]

1. Nf3 d5 2. e3 Nf6 3. c4 e6 4. Nc3 Be7 5. b3 c6 6. Bb2 Nbd7 7. d4 O-O 8. Bd3 b6
9. O-O Bb7 10. Qe2 Rc8 11. Rad1 Qc7 12. Ne5 Nxe5 13. dxe5 Nd7 14. f4 f5 15. cxd5
cxd5 16. Nb5 Qb8 17. Nd4 Nc5 18. Ba3 Rce8 19. Bb5 Nxb3 20. Nxe6 Bxa3 21. Nxf8
Rxf8 22. Qd3 Bc5 23. Qxb3 Kh8 24. Be2 Rd8 25. Kh1 Qc8 26. Rd2 a5 27. Rfd1 a4 28.
Qc3 Qe6 29. Bf3 Qe7 30. Bxd5 1-0

[Event "45th Olympiad 2024"]
[Site "Budapest HUN"]
[Date "2024.09.11"]
[Round "1.8"]
[Board "3"]
[White "Andriamasoandro, Miora"]
[Black "Donchenko, Alexander"]
[Result "0-1"]
[BlackTitle "GM"]
[WhiteElo "2116"]
[BlackElo "2638"]
[WhiteTeam "Madagascar"]
[BlackTeam "Germany"]
[WhiteFideId "13100858"]
[BlackFideId "24603295"]
[EventDate "2024.09.11"]

1. d4 Nf6 2. c4 e6 3. Nf3 d5 4. g3 dxc4 5. Bg2 a6 6. O-O Nc6 7. e3 Bd7 8. Ne5
Nxe5 9. dxe5 Nd5 10. a3 b5 11. Nd2 Be7 12. Ne4 Bc6 13. Qg4 O-O 14. Rd1 Qc8 15.
Rd4 Bb7 16. Qh5 f6 17. exf6 Nxf6 18. Qe5 c5 19. Bh3 Kh8 20. Bxe6 Qc6 21. Rd2
Qxe4 22. Qxe4 Bxe4 23. Rd1 Rad8 24. Re1 Bf3 25. e4 Nxe4 26. Be3 Ng5 27. Bf4 Nxe6
28. Rxe6 Bf6 29. Rb1 a5 30. Re3 Rd1+ 31. Rxd1 Bxd1 32. Bd6 Rc8 33. Re1 Bh5 34.
h3 Bxb2 0-1

[Event "45th Olympiad 2024"]
[Site "Budapest HUN"]
[Date "2024.09.11"]
[Round "1.8"]
[Board "4"]
[White "Svane, Frederik"]
[Black "Rakotomaharavo, Dylan"]
[Result "1-0"]
[WhiteTitle "GM"]
[BlackTitle "CM"]
[WhiteElo "2640"]
[BlackElo "2078"]
[WhiteTeam "Germany"]
[BlackTeam "Madagascar"]
[WhiteFideId "12923044"]
[BlackFideId "13102761"]
[EventDate "2024.09.11"]

1. e4 c5 2. Nf3 e6 3. d4 cxd4 4. Nxd4 Nf6 5. Nc3 Nc6 6. a3 Be7 7. Nxc6 dxc6 8.
Qxd8+ Bxd8 9. Bf4 Nd7 10. Bd6 e5 11. Bc4 Be7 12. O-O-O Bxd6 13. Rxd6 Ke7 14.
Rhd1 Nb6 15. Ba2 Bg4 16. f3 Be6 17. Bxe6 fxe6 18. R6d3 Rad8 19. a4 Rxd3 20. Rxd3
Rd8 21. Rxd8 Kxd8 22. b3 Nd7 23. Kd2 Ke7 24. Nd1 Kd6 25. Kc3 b6 26. Nb2 a6 27.
h4 Kc7 28. Nd3 Kd6 29. Kc4 Kc7 30. b4 Kd6 31. Kb3 Kc7 32. Kc3 Kd6 33. Kb3 Kc7
34. Nb2 Kd6 35. a5 b5 36. c4 Kc7 37. Nd3 Kd6 38. Kc3 Kc7 39. Kb3 Kd6 40. Kc3 Kc7
41. c5 Kd8 42. Kd2 Ke7 43. Ke3 Kf6 44. Kf2 h6 45. Kg3 g5 46. Nf2 Kg6 47. Ng4 Kh5
48. hxg5 hxg5 49. Kf2 Kg6 50. Ke3 Kh5 51. g3 Kg6 52. f4 exf4+ 53. gxf4 e5 54.
fxg5 Kxg5 55. Kf3 Kg6 56. Kg2 Kh5 57. Kh3 Kg5 58. Kg3 Kh5 59. Ne3 Kg5 60. Nf5
Kh5 61. Nd6 Kg5 62. Ne8 Kh5 63. Kf3 Kg5 64. Nc7 Nb8 65. Kg3 Kh5 66. Kf2 Kg4 67.
Ke3 Kg5 68. Kf3 Kh5 69. Ne6 Kh4 70. Nf8 Kh5 71. Ne6 Kh4 72. Nd8 Kh5 73. Nf7 Nd7
74. Kg3 Kg6 75. Nd8 Nb8 76. Kh4 Kf6 77. Kg4 Kg6 78. Nb7 Nd7 79. Nd6 Nf6+ 80. Kf3
Nd7 81. Nxb5 Kf6 82. Nd6 Ke6 83. Ne8 Ke7 84. Nc7 Nb8 85. Kg4 1-0

[Event "45th Olympiad 2024"]
[Site "Budapest HUN"]
[Date "2024.09.11"]
[Round "1.9"]
[Board "1"]
[White "Vitiugov, Nikita"]
[Black "Bai, Adelard"]
[Result "1-0"]
[WhiteTitle "GM"]
[BlackTitle "IM"]
[WhiteElo "2676"]
[BlackElo "2378"]
[WhiteTeam "England"]
[BlackTeam "Chinese Taipei"]
[WhiteFideId "4152956"]
[BlackFideId "16301188"]
[EventDate "2024.09.11"]

1. e4 e5 2. Nf3 Nc6 3. Bb5 a6 4. Ba4 d6 5. O-O Bd7 6. c4 g6 7. d4 Bg7 8. Bxc6
Bxc6 9. dxe5 dxe5 10. Qc2 Ne7 11. Nc3 O-O 12. Be3 Qc8 13. b4 Bd7 14. a4 Bg4 15.
Nd2 Nc6 16. Nd5 Re8 17. Qb2 Nd4 18. f3 Be6 19. Nb3 Nxb3 20. Qxb3 Bxd5 21. cxd5
Qd7 22. Rac1 c6 23. Rfd1 cxd5 24. Qxd5 Qxd5 25. exd5 Re7 26. Bb6 Rd7 27. Rc7
Rad8 28. Rxb7 Rxb7 29. Bxd8 Kf8 30. Ba5 Ke7 31. Rc1 Kd6 32. Rc6+ Kxd5 33. Rxa6
f5 34. b5 e4 35. Kf1 Bd4 36. Ra8 Kc4 37. fxe4 fxe4 38. Ke2 Ra7 39. Rxa7 Bxa7 40.
Bc7 Kc5 41. Ke3 Kd5+ 42. b6 1-0

[Event "45th Olympiad 2024"]
[Site "Budapest HUN"]
[Date "2024.09.11"]
[Round "1.9"]
[Board "2"]
[White "Song, Raymond"]
[Black "Howell, David W L"]
[Result "1/2-1/2"]
[WhiteTitle "GM"]
[BlackTitle "GM"]
[WhiteElo "2503"]
[BlackElo "2677"]
[WhiteTeam "Chinese Taipei"]
[BlackTeam "England"]
[WhiteFideId "3203824"]
[BlackFideId "410608"]
[EventDate "2024.09.11"]

1. e4 c6 2. d4 d5 3. Nd2 dxe4 4. Nxe4 Bf5 5. Ng3 Bg6 6. h4 h6 7. Nf3 e6 8. Ne5
Bh7 9. Bd3 Bxd3 10. Qxd3 Nd7 11. Qe2 Ngf6 12. O-O Be7 13. Rd1 Qc7 14. Nxd7 Qxd7
15. c4 O-O 16. Bf4 Bd6 17. Be5 Qe7 18. Rd3 Rfd8 19. Rad1 Rd7 20. h5 Rad8 21. b3
Bxe5 22. dxe5 Rxd3 23. Rxd3 Rxd3 24. Qxd3 Ng4 25. Qd4 Qg5 26. Qxa7 Qxe5 27. Nf1
Qb2 28. Qb8+ Kh7 29. Qf4 f5 30. Qd2 Qa1 31. g3 Nf6 32. Qe2 Ne4 33. Kg2 1/2-1/2

[Event "45th Olympiad 2024"]
[Site "Budapest HUN"]
[Date "2024.09.11"]
[Round "1.9"]
[Board "3"]
[White "Adams, Michael"]
[Black "Yang, ching Wei, Austin"]
[Result "1-0"]
[WhiteTitle "GM"]
[BlackTitle "FM"]
[WhiteElo "2661"]
[BlackElo "2121"]
[WhiteTeam "England"]
[BlackTeam "Chinese Taipei"]
[WhiteFideId "400041"]
[BlackFideId "16300440"]
[EventDate "2024.09.11"]

1. e4 e5 2. Nf3 Nc6 3. Bb5 a6 4. Ba4 Nf6 5. O-O Be7 6. d3 b5 7. Bb3 d6 8. c3 O-O
9. h3 Na5 10. Bc2 c5 11. d4 Qc7 12. d5 c4 13. b4 cxb3 14. axb3 Nb7 15. b4 Nd7
16. Be3 Nb6 17. Nbd2 f5 18. exf5 Bxf5 19. Bxf5 Rxf5 20. Qc2 Rff8 21. Qd3 Rfc8
22. Ra2 Na4 23. Rc2 a5 24. Rfc1 Qd7 25. Ne4 g6 26. Bg5 Bxg5 27. Nfxg5 Rf8 28.
Ne6 Rf7 29. c4 axb4 30. cxb5 Nac5 31. N4xc5 Nxc5 32. Nxc5 dxc5 33. Rxc5 Ra3 34.
Qe4 Qf5 35. Qxf5 gxf5 36. b6 b3 37. Rb5 Rb7 38. Rc8+ Kf7 39. d6 Ke6 40. Rc7 Rb8
41. d7 1-0

[Event "45th Olympiad 2024"]
[Site "Budapest HUN"]
[Date "2024.09.11"]
[Round "1.10"]
[Board "1"]
[White "Maghsoodloo, Parham"]
[Black "Tan, Jun Ying"]
[Result "1-0"]
[WhiteTitle "GM"]
[BlackTitle "CM"]
[WhiteElo "2723"]
[BlackElo "2322"]
[WhiteTeam "Iran"]
[BlackTeam "Malaysia"]
[WhiteFideId "12539929"]
[BlackFideId "5710413"]
[EventDate "2024.09.11"]

1. Nf3 d5 2. g3 Nd7 3. d4 Nb6 4. Nc3 Nf6 5. Bg2 g6 6. a4 a5 7. b3 Bg7 8. Ba3 O-O
9. O-O c6 10. h3 Re8 11. e3 Bf5 12. Rc1 Ne4 13. Ne2 Nd6 14. Nd2 Ne4 15. Nxe4
Bxe4 16. f3 Bf5 17. e4 Be6 18. Qd3 Bh6 19. Rcd1 f6 20. g4 Qd7 21. Qc3 Bf7 22. e5
f5 23. Qe1 e6 24. h4 Bf8 25. Bc1 Qd8 26. h5 Bg7 27. Qg3 fxg4 28. fxg4 gxh5 29.
Rxf7 Kxf7 30. Rf1+ Kg8 31. gxh5 Kh8 32. Bg5 Qc7 33. h6 Bxh6 34. Bxh6 Rg8 35. Bg5
Raf8 36. Rxf8 Rxf8 37. Nf4 Qg7 38. Nxe6 Qg6 39. Nxf8 Qxc2 40. Bf6# 1-0

[Event "45th Olympiad 2024"]
[Site "Budapest HUN"]
[Date "2024.09.11"]
[Round "1.10"]
[Board "2"]
[White "Wong, Jianwen"]
[Black "Daneshvar, Bardiya"]
[Result "0-1"]
[WhiteTitle "FM"]
[BlackTitle "GM"]
[WhiteElo "2231"]
[BlackElo "2598"]
[WhiteTeam "Malaysia"]
[BlackTeam "Iran"]
[WhiteFideId "5704715"]
[BlackFideId "12576468"]
[EventDate "2024.09.11"]

1. c4 g6 2. g3 Bg7 3. Bg2 e6 4. Nf3 d5 5. O-O Ne7 6. d4 O-O 7. h4 h6 8. Bf4 Nbc6
9. Qc1 Nf5 10. Nc3 dxc4 11. Rd1 Qe7 12. e4 Nfxd4 13. Nxd4 Nxd4 14. e5 c5 15. Re1
Kh7 16. Ne4 Bd7 17. Nd6 b5 18. b3 Bc6 19. Bxc6 Nxc6 20. Nxb5 cxb3 21. axb3 a6
22. Nd6 Nd4 23. Qd1 f6 24. exf6 Rxf6 25. Ne4 Rxf4 26. gxf4 Qxh4 27. Rc1 Qxf4 28.
Re3 Be5 29. Ng3 Rf8 30. Qe1 Bg7 31. Kg2 Qg5 32. Qh1 Qd5+ 33. Ne4 Nxb3 34. Rxb3
Qxb3 35. Rxc5 Qf3+ 36. Kg1 Qg4+ 37. Qg2 Rf4 38. Qxg4 Rxg4+ 39. Ng3 Rxg3+ 0-1

[Event "45th Olympiad 2024"]
[Site "Budapest HUN"]
[Date "2024.09.11"]
[Round "1.10"]
[Board "3"]
[White "Idani, Pouya"]
[Black "Ang, Ern Jie Anderson"]
[Result "1-0"]
[WhiteTitle "GM"]
[BlackTitle "CM"]
[WhiteElo "2599"]
[BlackElo "2132"]
[WhiteTeam "Iran"]
[BlackTeam "Malaysia"]
[WhiteFideId "12510130"]
[BlackFideId "5736200"]
[EventDate "2024.09.11"]

1. e4 e5 2. Nf3 Nc6 3. Bb5 a6 4. Ba4 Nf6 5. d3 b5 6. Bb3 Be7 7. a4 b4 8. a5 d6
9. O-O O-O 10. Nbd2 Rb8 11. Nc4 Be6 12. h3 h6 13. Re1 Qc8 14. Be3 Qb7 15. Nfd2
d5 16. exd5 Bxd5 17. f3 Rfd8 18. Bf2 Bd6 19. Ne4 Nxe4 20. fxe4 Be6 21. Rf1 Be7
22. Qh5 Bf8 23. Be3 Re8 24. Rf3 g6 25. Qh4 Nd4 26. Bxd4 exd4 27. Raf1 c5 28. Qg3
Qe7 29. Nb6 Qg5 30. Bxe6 fxe6 31. Qxg5 hxg5 32. Nd7 Bd6 33. Nf6+ Kg7 34. Nxe8+
Rxe8 35. Rf7+ Kh6 36. Ra7 g4 37. Rxa6 Be5 38. Rc6 1-0

[Event "45th Olympiad 2024"]
[Site "Budapest HUN"]
[Date "2024.09.11"]
[Round "1.10"]
[Board "4"]
[White "Kavin Mohan"]
[Black "Movahed, Sina"]
[Result "1/2-1/2"]
[BlackTitle "IM"]
[WhiteElo "1997"]
[BlackElo "2528"]
[WhiteTeam "Malaysia"]
[BlackTeam "Iran"]
[WhiteFideId "5739047"]
[BlackFideId "42520835"]
[EventDate "2024.09.11"]

1. d4 Nf6 2. c4 g6 3. Nc3 Bg7 4. e4 d6 5. f4 O-O 6. Nf3 c5 7. d5 b5 8. cxb5 a6
9. Bd2 Qb6 10. a4 e6 11. Bc4 axb5 12. Bxb5 exd5 13. e5 Ne4 14. Nxd5 Qb7 15. Nc3
d5 16. O-O Na6 17. Be1 Nc7 18. Bd3 Ne6 19. Bxe4 dxe4 20. Nd2 Rd8 21. Ncxe4 Qxb2
22. Rb1 Qd4+ 23. Bf2 Qxa4 24. Qxa4 Rxa4 25. Bh4 Rf8 26. Be7 Re8 27. Rb8 Bd7 28.
Rfb1 Ra8 29. Rxa8 Rxa8 30. Nxc5 Bc6 31. Nxe6 fxe6 32. Nc4 Bh6 33. g3 Re8 34. Bf6
Bf8 35. Nd6 Ra8 36. Rc1 Ra6 37. Rc2 h6 38. Kf2 Kh7 39. h3 Kg8 40. Rc3 Kh7 41.
Ke3 Kg8 42. g4 Kh7 43. Rb3 Ra8 44. h4 Kg8 45. Rc3 Ra6 46. Kd4 Ra4+ 47. Ke3 Ra6
48. h5 gxh5 49. gxh5 Rb6 50. Nc8 Ra6 51. Nd6 Rb6 52. Kd4 Ra6 53. Rb3 Ra4+ 54.
Ke3 1/2-1/2

[Event "45th Olympiad 2024"]
[Site "Budapest HUN"]
[Date "2024.09.11"]
[Round "1.11"]
[Board "1"]
[White "Eltigani, Omar"]
[Black "Wojtaszek, Radoslaw"]
[Result "0-1"]
[WhiteTitle "IM"]
[BlackTitle "GM"]
[WhiteElo "2241"]
[BlackElo "2681"]
[WhiteTeam "Sudan"]
[BlackTeam "Poland"]
[WhiteFideId "738794"]
[BlackFideId "1118358"]
[EventDate "2024.09.11"]

1. d4 Nf6 2. Nc3 d5 3. Bf4 c5 4. e3 a6 5. dxc5 Qa5 6. Bxb8 Rxb8 7. Qd4 e6 8. b4
Qc7 9. Nf3 b6 10. cxb6 Rxb6 11. a3 Bd6 12. Na4 Rc6 13. c3 e5 14. Qd1 O-O 15. Be2
Be6 16. h3 Ne4 17. O-O Ra8 18. c4 dxc4 19. Qc2 f5 20. Rac1 h6 21. Nd2 Nxd2 22.
Qxd2 e4 23. Rfd1 Rd8 24. Kh1 Be7 25. Qc2 Rxd1+ 26. Rxd1 Qe5 27. Nc3 Bf6 28. Qa4
Qc7 29. b5 axb5 30. Nxb5 Qe7 31. Nd4 Rc8 32. Qb5 Bxd4 33. exd4 c3 34. d5 c2 35.
Rc1 Qxa3 36. Rxc2 Rxc2 37. dxe6 Rc1+ 38. Bf1 Qd6 0-1

[Event "45th Olympiad 2024"]
[Site "Budapest HUN"]
[Date "2024.09.11"]
[Round "1.11"]
[Board "2"]
[White "Piorun, Kacper"]
[Black "Ahmed Hassan"]
[Result "1-0"]
[WhiteTitle "GM"]
[BlackTitle "CM"]
[WhiteElo "2599"]
[BlackElo "2234"]
[WhiteTeam "Poland"]
[BlackTeam "Sudan"]
[WhiteFideId "1130420"]
[BlackFideId "12200590"]
[EventDate "2024.09.11"]

1. d4 g6 2. e4 Bg7 3. Nc3 c5 4. dxc5 Bxc3+ 5. bxc3 Qa5 6. Qd4 Nf6 7. Qb4 Qc7 8.
Bd3 Nc6 9. Qa4 Qe5 10. Ne2 Qxc5 11. O-O d6 12. c4 Bd7 13. Qb3 Na5 14. Qc3 Rc8
15. Be3 Qc7 16. Bg5 Qc5 17. Bxf6 exf6 18. Qxf6 Qe5 19. Qh4 Nxc4 20. f4 Qe7 21.
Qf2 O-O 22. Qd4 d5 23. Nc3 Nb6 24. exd5 f5 25. Rab1 Qc5 26. Ne2 Qxd5 27. Qxd5+
Nxd5 28. Rxb7 Bc6 29. Rxa7 Ne3 30. Rb1 Bxg2 31. Nd4 Bd5 32. a4 Rfd8 33. Rb4 Ra8
34. Re7 Re8 35. Rxe8+ Rxe8 36. a5 Nd1 37. Ne2 Bf3 38. a6 Re7 39. Rb1 Ne3 40. Nd4
Bd5 41. Re1 Kf7 42. a7 Kf6 43. Ra1 Ba8 44. Bb5 Nd5 45. Bc6 Nc7 46. Rb1 Bxc6 47.
Nxc6 Re6 48. Rb7 Rxc6 49. Rxc7 1-0

[Event "45th Olympiad 2024"]
[Site "Budapest HUN"]
[Date "2024.09.11"]
[Round "1.11"]
[Board "3"]
[White "Nader Obeid"]
[Black "Bartel, Mateusz"]
[Result "0-1"]
[WhiteTitle "FM"]
[BlackTitle "GM"]
[WhiteElo "2083"]
[BlackElo "2618"]
[WhiteTeam "Sudan"]
[BlackTeam "Poland"]
[WhiteFideId "12200085"]
[BlackFideId "1112635"]
[EventDate "2024.09.11"]

1. d4 Nf6 2. Bf4 c6 3. c3 Qb6 4. Qc2 d6 5. Nd2 Nh5 6. Nc4 Qc7 7. Bd2 b5 8. Na3
a6 9. e3 Nf6 10. c4 Qb7 11. c5 dxc5 12. dxc5 g6 13. Bd3 Bg7 14. Ba5 O-O 15. Nf3
Bg4 16. Ne5 Nbd7 17. Nxg4 Nxg4 18. Rc1 f5 19. h3 Ngf6 20. O-O Nd5 21. Nb1 e6 22.
Nc3 Rf7 23. Be2 Bf8 24. e4 Nf4 25. exf5 exf5 26. Rfe1 Nxc5 27. Bf1 Nce6 28. Rcd1
c5 29. g3 Ng5 30. Re3 0-1

[Event "45th Olympiad 2024"]
[Site "Budapest HUN"]
[Date "2024.09.11"]
[Round "1.11"]
[Board "4"]
[White "Gumularz, Szymon"]
[Black "Hamid Ibrahim"]
[Result "1-0"]
[WhiteTitle "GM"]
[BlackTitle "FM"]
[WhiteElo "2571"]
[BlackElo "2090"]
[WhiteTeam "Poland"]
[BlackTeam "Sudan"]
[WhiteFideId "1188062"]
[BlackFideId "12200948"]
[EventDate "2024.09.11"]

1. c4 g6 2. d4 Bg7 3. Nc3 c5 4. d5 d6 5. e4 Nf6 6. h3 O-O 7. Nf3 Na6 8. Bd3 Nc7
9. O-O a6 10. a4 Rb8 11. Re1 Nd7 12. Bf4 Ne5 13. Nxe5 dxe5 14. Be3 Qd6 15. a5
Bd7 16. Na4 Bxa4 17. Qxa4 Rfc8 18. Red1 Ne8 19. b4 cxb4 20. Rac1 Nf6 21. c5 Qd7
22. Qxd7 Nxd7 23. c6 bxc6 24. dxc6 Nf6 25. Bxa6 Nxe4 26. c7 1-0

[Event "45th Olympiad 2024"]
[Site "Budapest HUN"]
[Date "2024.09.11"]
[Round "1.12"]
[Board "1"]
[White "Suleymanli, Aydin"]
[Black "Ahmad, Al Khatib"]
[Result "1-0"]
[WhiteTitle "GM"]
[BlackTitle "GM"]
[WhiteElo "2632"]
[BlackElo "2302"]
[WhiteTeam "Azerbaijan"]
[BlackTeam "Jordan"]
[WhiteFideId "13413937"]
[BlackFideId "8103178"]
[EventDate "2024.09.11"]

1. e4 e5 2. Nf3 Nc6 3. Bb5 a6 4. Ba4 d6 5. O-O Bd7 6. c3 g6 7. d4 Bg7 8. h3 b5
9. Bc2 Nf6 10. Re1 O-O 11. Nbd2 Re8 12. Nf1 Nh5 13. Bg5 Qc8 14. Qd2 Na5 15. b3
c5 16. dxe5 dxe5 17. Rad1 Be6 18. N1h2 Nc6 19. Be3 Bf8 20. Ng5 a5 21. Nxe6 Qxe6
22. Bd3 c4 23. bxc4 bxc4 24. Bf1 a4 25. Nf3 Na5 26. Qc2 a3 27. Rd5 Nf6 28. Rxe5
Qc6 29. Nd4 Qc7 30. Rxe8 Rxe8 31. Bg5 Nd7 32. Rb1 Nc5 33. Re1 Rb8 34. Bc1 Ncb3
35. Be3 Nxd4 36. Bxd4 Rb2 37. Qa4 Rxa2 38. e5 Rb2 39. e6 fxe6 40. Rxe6 Rb1 41.
Re8 Kf7 42. Ra8 Be7 43. Qe8+ Ke6 44. Ra6+ Kf5 45. Qf7+ Kg5 46. Be3+ 1-0

[Event "45th Olympiad 2024"]
[Site "Budapest HUN"]
[Date "2024.09.11"]
[Round "1.12"]
[Board "2"]
[White "Loay, Sameer"]
[Black "Abasov, Nijat"]
[Result "0-1"]
[WhiteTitle "IM"]
[BlackTitle "GM"]
[WhiteElo "2194"]
[BlackElo "2626"]
[WhiteTeam "Jordan"]
[BlackTeam "Azerbaijan"]
[WhiteFideId "8104239"]
[BlackFideId "13402960"]
[EventDate "2024.09.11"]

1. Nf3 c5 2. g3 Nc6 3. Bg2 e5 4. O-O d5 5. d3 Nf6 6. e4 d4 7. Na3 Bd6 8. Nc4 Bc7
9. a4 O-O 10. b3 Rb8 11. Bd2 b6 12. Nh4 a6 13. Qe1 Re8 14. h3 Bd7 15. Nf5 b5 16.
axb5 axb5 17. Na5 Nxa5 18. Bxa5 Ra8 19. Bd2 Re6 20. f4 Rea6 21. Rc1 exf4 22.
Bxf4 Bxf5 23. Bxc7 Qxc7 24. Rxf5 Nd7 25. Qf2 Ne5 26. Rf1 Re8 27. b4 g6 28. Rf4
cxb4 29. Qxd4 Qxc2 30. Qd5 Qxd3 31. Qxd3 Nxd3 32. Rxf7 b3 33. Rd7 Ne5 34. Rb7 b2
35. Rxb5 Nc4 36. Rb1 Na3 37. R5xb2 Nxb1 38. Rxb1 Ra3 39. g4 Ra2 40. Re1 Kg7 41.
Bf1 Kf6 42. Bb5 Re5 43. Bc4 Rc2 44. Bd5 Kg5 45. Rf1 Re7 46. Rf7 Rxf7 47. Bxf7
Kf4 48. Bg8 Rc8 49. Bd5 Kg3 50. Kf1 Kxh3 0-1